| 000 | 00943nam0a2200313 4500 | ||
|---|---|---|---|
| 001 | RU\NLR\ONL2\23580 | ||
| 005 | 20250613224025.0 | ||
| 010 |
_a9965-770-07-7 _92000 |
||
| 035 | _a(NLR Aleph) 010210538 | ||
| 090 |
_a10272606 _c10272606 |
||
| 100 | _a20120613d2006 |||y0rusy50 ca | ||
| 101 | 0 | _akaz | |
| 102 | _aRU | ||
| 105 | _ay ||||||||| | ||
| 200 | 1 |
_aДоктор Дарханов _eроман _fЗейiн Шашкин |
|
| 210 |
_aАлматы _cРаритет _d2006 |
||
| 215 |
_a334,[1] c. _d21 |
||
| 225 | 1 | _aКазак прозасы казынасынан | |
| 541 | 1 |
_6z01790 _aДоктор Дарханов _zrus |
|
| 686 | 1 | _aШ6(2=Каз)7-4 | |
| 700 | 1 |
_aШашкин _bЗ. _gЗейiн _4070 |
|
| 790 | 1 |
_6z01541 _aШашкин _bЗ. _gЗеин _4070 |
|
| 801 | 0 |
_aRU _bNLR _c20120613 _gPSBO |
|
| 852 |
_aNLR _jКазах./2-8622 _m37993 |
||
| 852 |
_aNLR _bОНЛ |
||
| 942 | _cBOOK | ||
| 980 | _aNB | ||
| 980 | _aONL_RF | ||